| 000 | 00717nam a2200205 i 4500 | ||
|---|---|---|---|
| 001 | 188437 | ||
| 003 | ES-MaACL | ||
| 005 | 20230906223212.0 | ||
| 008 | 180921s1955 mx |||| | spa d | ||
| 100 | 0 |
_aRamos, Samuel. _995279 |
|
| 245 | 1 | 3 |
_aEl problema del a priori y la experiencia / _cSamuel Ramos. |
| 260 |
_aMéxico : _bUniversidad Nacional de México, _c1955. |
||
| 300 |
_a8 p. ; _c22 cm. |
||
| 490 | 1 |
_aCuadernos del Seminario de Problemas Científicos y Filosóficos ; _v8 |
|
| 650 | 4 |
_aA priori. _9159005 |
|
| 650 | 0 | 4 |
_aAnálisis filosófico. _99769 |
| 830 | 0 |
_aCuadernos del Seminario de Problemas Científicos y Filosóficos ; _v8 _9193031 |
|
| 852 |
_aES-MaACL _j2088-F-23 |
||
| 999 |
_c188437 _d188437 |
||